[Event "Olimpiade 2014 - Open"]
[Site "Tromsø"]
[Date "12.08.2014"]
[Round "10.51"]
[Board "1"]
[White "Iyti, Basher"]
[Black "Larrea, Manuel"]
[Result "1-0"]
[WhiteTitle "IM"]
[BlackTitle "FM"]
[WhiteElo "2263"]
[BlackElo "2333"]
[WhiteTeam "Syria"]
[BlackTeam "Uruguay"]
[WhiteFideId "7601875"]
[BlackFideId "3000508"]
[EventDate "2014.08.02"]

1. d4 Nf6 2. Nf3 g6 3. Bg5 Bg7 4. Nbd2 O-O 5. c3 d6 6. e3 h6 7. Bh4 g5 8. Bg3
Bf5 9. h3 Nbd7 10. Bc4 Qe8 11. Qe2 e5 12. e4 Nxe4 13. Nxe4 exd4 14. Nfd2 Nb6 15.
Bb5 Qe6 16. cxd4 Bxd4 17. O-O Bxb2 18. Rae1 a6 19. Bd3 Rfe8 20. Qf3 Qg6 21. Nf6+
Qxf6 22. Bxf5 Rxe1 23. Rxe1 Qc3 24. Qd1 Nc4 25. Nxc4 Qxc4 26. Bb1 Bg7 27. Kh2
Qb5 28. Re7 Re8 29. a4 Qc6 30. Be4 Qxe4 31. Rxe4 Rxe4 32. Qb1 Rxa4 33. Qxb7 Rc4
34. Qc8+ Kh7 35. Bxd6 Rc6 36. Bg3 Kg6 37. Qb7 Re6 38. Qxc7 h5 39. f4 gxf4 40.
Qxf4 Bf6 41. h4 Be7 42. Qb8 Bf6 43. Qb1+ Kh6 1-0

[Event "Olimpiade 2014 - Open"]
[Site "Tromsø"]
[Date "12.08.2014"]
[Round "10.51"]
[Board "2"]
[White "Lopez Azambuja, Nicolas"]
[Black "Omrani, Hasan"]
[Result "1-0"]
[WhiteTitle "FM"]
[WhiteElo "2255"]
[BlackElo "2085"]
[WhiteTeam "Uruguay"]
[BlackTeam "Syria"]
[WhiteFideId "3003809"]
[BlackFideId "7601735"]
[EventDate "2014.08.02"]

1. d4 d5 2. c4 c6 3. Nf3 Nf6 4. e3 e6 5. b3 Bb4+ 6. Nbd2 Ne4 7. Bd3 f5 8. O-O
O-O 9. Qc2 Nd7 10. Bb2 Ndf6 11. a3 Bd6 12. Ne5 Nxd2 13. Qxd2 Nd7 14. Qc2 Qe7 15.
b4 Bc7 16. a4 Bd6 17. c5 Bc7 18. Rfc1 Nxe5 19. dxe5 Bd7 20. b5 Qe8 21. Qb3 Qd8
22. f4 Ba5 23. Bd4 g5 24. Rab1 gxf4 25. exf4 Rf7 26. Rf1 Rb8 27. bxc6 Bxc6 28.
Bb5 Rc8 29. Rf3 Rg7 30. Rg3 Qd7 31. Bxc6 bxc6 32. Rxg7+ Kxg7 33. Qb7 Qxb7 34.
Rxb7+ Rc7 35. Rb8 Kf7 36. Kf2 Re7 37. Rh8 Kg6 38. Rb8 Kf7 39. Kf3 Re8 40. Rb7+
Re7 41. Rb2 Be1 42. g4 fxg4+ 43. Kxg4 Kg6 44. Rb8 Ba5 45. Rf8 Kg7 46. Rc8 Rc7
47. Rb8 Kg6 48. Rf8 Kg7 49. Rf6 Re7 50. f5 exf5+ 51. Kxf5 Rf7 52. Ke6 Rb7 53.
Be3 Rb8 54. Bh6+ Kg8 55. Kd6 Bc3 56. Rf3 Bb4 57. e6 Rd8+ 58. Kxc6 a5 59. Rg3+
Kh8 60. Bg7+ 1-0

[Event "Olimpiade 2014 - Open"]
[Site "Tromsø"]
[Date "12.08.2014"]
[Round "10.51"]
[Board "3"]
[White "Akhras, Khaled"]
[Black "Roselli Mailhe, Bernardo"]
[Result "1/2-1/2"]
[BlackTitle "IM"]
[WhiteElo "2246"]
[BlackElo "2425"]
[WhiteTeam "Syria"]
[BlackTeam "Uruguay"]
[WhiteFideId "7600909"]
[BlackFideId "3000028"]
[EventDate "2014.08.02"]

1. e4 e6 2. d4 d5 3. exd5 exd5 4. Bd3 Nc6 5. c3 Bd6 6. Ne2 Nf6 7. Bf4 Bxf4 8.
Nxf4 O-O 9. O-O Qd6 10. Qf3 Bg4 11. Qg3 Ne7 12. Nd2 Rfe8 13. Rfe1 Nf5 14. Bxf5
Bxf5 15. Qg5 g6 16. f3 Kg7 17. Nb3 h6 18. Qg3 b6 19. Re5 Qd7 20. Rae1 a5 21. Nc1
c6 22. h4 Nh7 23. Qf2 f6 24. R5e3 h5 25. Qe2 Rxe3 26. Qxe3 Kf7 27. Kf2 Nf8 28.
Nce2 Re8 29. Qd2 Qc7 30. g3 Qe7 31. Ng2 Qd6 32. Qf4 Qxf4 33. Nexf4 Rxe1 34. Kxe1
Be6 35. Kd2 Ke7 36. Nxe6 Nxe6 37. Ke3 g5 38. g4 hxg4 39. fxg4 gxh4 40. Nxh4 Kd7
41. Nf5 a4 42. Nh4 Nd8 43. b3 b5 44. Nf3 Nf7 45. bxa4 bxa4 46. Kd3 Kc7 47. c4
Kb6 48. cxd5 cxd5 49. Nd2 Nh6 50. Nb1 Kc6 51. Nc3 a3 52. Nb1 Nxg4 53. Nxa3 Nf2+
54. Ke3 Ne4 55. Kf4 Nd6 56. Nc2 Kb5 57. Ne3 Kb4 58. Nxd5+ Kc4 59. Nxf6 Kxd4 60.
a4 Kc5 1/2-1/2

[Event "Olimpiade 2014 - Open"]
[Site "Tromsø"]
[Date "12.08.2014"]
[Round "10.51"]
[Board "4"]
[White "Coppola, Claudio"]
[Black "Al-Tarbosh, Ward"]
[Result "0-1"]
[WhiteTitle "IM"]
[BlackTitle "FM"]
[WhiteElo "2190"]
[BlackElo "2272"]
[WhiteTeam "Uruguay"]
[BlackTeam "Syria"]
[WhiteFideId "3001717"]
[BlackFideId "7601450"]
[EventDate "2014.08.02"]

1. d4 d5 2. Nf3 Nf6 3. c4 c6 4. Qc2 g6 5. Bf4 Bg7 6. e3 O-O 7. Nc3 Na6 8. Be2 c5
9. Be5 Nb4 10. Qb3 dxc4 11. Bxc4 Nc6 12. dxc5 Bg4 13. Bg3 Qa5 14. O-O Qxc5 15.
Qb5 Qxb5 16. Bxb5 Rac8 17. Ne5 Nxe5 18. Bxe5 a6 19. Ba4 Rfd8 20. Bb3 Rd2 21. f3
Be6 22. Bxe6 fxe6 23. Rab1 Nd5 24. Bxg7 Kxg7 25. Rfd1 Nxc3 26. bxc3 Rxd1+ 27.
Rxd1 Rxc3 28. Rd7 b5 29. Rxe7+ Kf6 30. Rxh7 Ra3 31. Kf2 b4 32. g4 e5 33. Rb7 a5
34. h4 Rxa2+ 35. Kg3 Ra3 36. g5+ Ke6 37. Rg7 b3 38. Rxg6+ Kd5 39. Rb6 a4 40. g6
Ra1 41. Kg2 Ra2+ 42. Kh3 Rc2 43. Rb8 Rc1 44. Kg2 Rc2+ 45. Kf1 Rc7 46. h5 Rg7 47.
Ke2 Kc4 48. Rc8+ Kb4 49. Kd2 Rd7+ 50. Kc1 a3 51. Rb8+ Kc3 52. Rc8+ Kd3 53. Rb8
Rc7+ 54. Kb1 a2+ 55. Kb2 Rc2+ 56. Kxb3 a1=Q 57. Rd8+ Ke2 58. Kxc2 Qa2+ 59. Kc1
Qc4+ 0-1

[Event "Olimpiade 2014 - Open"]
[Site "Tromsø"]
[Date "12.08.2014"]
[Round "10.53"]
[Board "1"]
[White "Hamal, Manish"]
[Black "Wang, Puchen"]
[Result "0-1"]
[WhiteTitle "FM"]
[BlackTitle "IM"]
[WhiteElo "2068"]
[BlackElo "2449"]
[WhiteTeam "Nepal"]
[BlackTeam "New Zealand"]
[WhiteFideId "12300110"]
[BlackFideId "4300904"]
[EventDate "2014.08.02"]

1. e4 c5 2. Nf3 d6 3. d4 cxd4 4. Nxd4 Nf6 5. Nc3 a6 6. Be2 e5 7. Nf3 Be7 8. O-O
O-O 9. h3 Be6 10. Bg5 Nbd7 11. Re1 b5 12. a3 Qb6 13. Be3 Qc6 14. Ng5 Bc4 15.
Bxc4 bxc4 16. h4 Rab8 17. Rb1 Bd8 18. f3 Ba5 19. Qd2 Rb7 20. Qc1 Rfb8 21. Bd2
Nf8 22. Nd1 Bb6+ 23. Be3 h6 24. Nh3 Bd8 25. Nhf2 Ne6 26. g3 d5 27. Bxh6 gxh6 28.
Qxh6 d4 29. Kh2 Qd6 30. Ng4 Nxg4+ 31. fxg4 Qf8 32. Qh5 Qg7 33. Ra1 Rb5 34. Qf5
Qf6 35. Rf1 Qxf5 36. gxf5 Nc5 37. Re1 Na4 38. b3 cxb3 39. cxb3 Rxb3 40. Nf2 Rb2
41. Kg1 R8b3 42. Kg2 Nc5 43. Rad1 Ba5 0-1

[Event "Olimpiade 2014 - Open"]
[Site "Tromsø"]
[Date "12.08.2014"]
[Round "10.53"]
[Board "2"]
[White "Dive, Russell John"]
[Black "Rajbhandari, Rijendra"]
[Result "1/2-1/2"]
[WhiteTitle "IM"]
[WhiteElo "2318"]
[BlackElo "2061"]
[WhiteTeam "New Zealand"]
[BlackTeam "Nepal"]
[WhiteFideId "4300106"]
[BlackFideId "12300403"]
[EventDate "2014.08.02"]

1. c4 c5 2. Nc3 g6 3. g3 Bg7 4. Bg2 Nc6 5. Nf3 d6 6. O-O e5 7. Ne1 Nge7 8. Nc2
O-O 9. a3 Be6 10. Ne3 a5 11. d3 Rb8 12. Rb1 Nd4 13. b4 axb4 14. axb4 cxb4 15.
Ncd5 b5 16. Rxb4 Nxd5 17. Bxd5 Bxd5 18. Nxd5 bxc4 19. Rxc4 Rb1 20. e3 Ne6 21.
Qc2 Qb8 22. h4 Qb7 23. Rc6 Rd8 24. Qc4 Bf8 25. Ba3 Rb3 26. Bb4 Rxd3 27. Rb1 Nc5
28. Rxc5 dxc5 29. Qxd3 Rxd5 30. Ba5 c4 31. Qc2 Qc6 32. Bc3 Bd6 33. Ra1 Rb5 34.
h5 Qf3 35. h6 Bf8 36. Qa4 Rb6 37. Bxe5 g5 38. Bg7 Bxg7 39. hxg7 Rh6 40. Qa8+
Qxa8 41. Rxa8+ Kxg7 42. Rc8 Ra6 43. Rxc4 h5 44. g4 Kg6 45. gxh5+ Kxh5 46. Kg2 f5
47. Kg3 Ra3 48. Kg2 1/2-1/2

[Event "Olimpiade 2014 - Open"]
[Site "Tromsø"]
[Date "12.08.2014"]
[Round "10.53"]
[Board "3"]
[White "Maharjan, Sajin"]
[Black "Li, Zuhao Luke"]
[Result "0-1"]
[BlackTitle "FM"]
[WhiteElo "1980"]
[BlackElo "2365"]
[WhiteTeam "Nepal"]
[BlackTeam "New Zealand"]
[WhiteFideId "12301906"]
[BlackFideId "4303431"]
[EventDate "2014.08.02"]

1. e4 e5 2. Nf3 Nc6 3. Bb5 a6 4. Ba4 Nf6 5. d3 d6 6. O-O g6 7. c3 Bg7 8. Be3 O-O
9. Nbd2 b5 10. Bb3 Na5 11. Bc2 c5 12. a3 Nc6 13. b4 Ng4 14. Bg5 Bf6 15. Bxf6
Nxf6 16. Bb3 Qe7 17. Re1 Bd7 18. Nf1 a5 19. Qd2 axb4 20. axb4 Rxa1 21. Rxa1 cxb4
22. cxb4 Bg4 23. Ne1 Nd4 24. Ba2 Rc8 25. Ne3 Be6 26. Bxe6 Qxe6 27. Ra3 d5 28. f3
Qc6 29. Ra2 Qb6 30. Qf2 Qd6 31. N3c2 dxe4 32. dxe4 Nb3 33. Rb2 Rc3 34. Qe2 Nh5
35. g3 Nc1 36. Qxb5 Qd2 37. Qe8+ Kg7 38. Qxe5+ Nf6 39. g4 h6 40. h4 Nd3 41. Nxd3
Rxd3 42. g5 Qd1+ 43. Ne1 Qxe1+ 44. Kg2 Qxh4 45. Qxf6+ Kg8 46. Rc2 Qxg5+ 47. Qxg5
hxg5 48. Rb2 Rd6 49. b5 Rb6 50. Kf2 Kf8 51. Ke3 Ke7 52. Kd4 Kd6 53. Kc4 Kc7 54.
Kd5 Rd6+ 55. Ke5 f6# 0-1

[Event "Olimpiade 2014 - Open"]
[Site "Tromsø"]
[Date "12.08.2014"]
[Round "10.53"]
[Board "4"]
[White "Ker, Anthony F"]
[Black "Shrestha, Keshav"]
[Result "1-0"]
[WhiteTitle "IM"]
[BlackTitle "CM"]
[WhiteElo "2316"]
[BlackElo "2137"]
[WhiteTeam "New Zealand"]
[BlackTeam "Nepal"]
[WhiteFideId "4300084"]
[BlackFideId "12300055"]
[EventDate "2014.08.02"]

1. e4 e5 2. Nf3 Nc6 3. d4 exd4 4. Nxd4 Nf6 5. Nxc6 bxc6 6. e5 Qe7 7. Qe2 Nd5 8.
c4 Ba6 9. b3 g6 10. g3 Bg7 11. Bb2 O-O 12. Bg2 Rfe8 13. O-O Nb6 14. Re1 Qe6 15.
Nd2 f5 16. f4 Bb7 17. Qf2 a5 18. a4 Bf8 19. Bc3 Qf7 20. Nf3 h6 21. Kh1 d5 22.
exd6 cxd6 23. Qxb6 c5 24. Bxa5 Be4 25. Nd2 Bxg2+ 26. Kxg2 Reb8 27. Qc7 Qxc7 28.
Bxc7 Rb7 29. Bxd6 Rd8 30. Nf3 Rxd6 31. Re3 Bg7 32. Ne5 Rd2+ 33. Kg1 Bxe5 34.
fxe5 Kf7 35. a5 Ke6 36. a6 Ra7 37. Ra5 g5 38. b4 cxb4 39. Rb3 f4 40. Rxb4 f3 41.
g4 Rdd7 42. Rb6+ Ke7 43. Rxh6 Kf8 44. Rd6 Rdc7 45. c5 Rc8 46. Kf2 Rac7 47. Rb6
Ke7 48. Rb7 Kd7 49. Rxc7+ Kxc7 50. a7 Ra8 51. Kxf3 Kb7 52. Ke4 Kc6 53. e6 Kb7
54. Ke5 Kc7 55. Kf6 Kd8 56. Kf7 1-0

[Event "Olimpiade 2014 - Open"]
[Site "Tromsø"]
[Date "12.08.2014"]
[Round "10.54"]
[Board "1"]
[White "Davy, Damion"]
[Black "Phillips, Roy"]
[Result "1-0"]
[WhiteTitle "CM"]
[BlackTitle "FM"]
[WhiteElo "2164"]
[BlackElo "2272"]
[WhiteTeam "Jamaica"]
[BlackTeam "Mauritius"]
[WhiteFideId "7400519"]
[BlackFideId "404136"]
[EventDate "2014.08.02"]

1. e4 d6 2. d4 Nf6 3. Nc3 e5 4. Nf3 Nbd7 5. Bc4 Be7 6. O-O O-O 7. Re1 a6 8. a4
b6 9. h3 c6 10. d5 c5 11. Bd3 Ne8 12. Ne2 g6 13. Bh6 Ng7 14. g4 Nf6 15. Ng3 Kh8
16. Qd2 Ng8 17. Kh2 Nxh6 18. Qxh6 f5 19. gxf5 gxf5 20. Nxf5 Bf6 21. Rg1 Ra7 22.
Ne3 Raf7 23. Rg3 Ne8 24. Rag1 Qe7 25. Be2 Bg7 26. Qh5 Nf6 27. Qh4 Ng8 28. Qxe7
Nxe7 29. Nc4 Rd8 30. Nxb6 a5 31. R1g2 Bh6 32. Ng5 Bxg5 33. Rxg5 Rf6 34. Bh5 Ba6
35. Rg7 Ng6 36. Ra7 Bf1 37. Bxg6 Bxg2 38. Bf5 Bf3 39. Rxh7+ Kg8 40. Ra7 Kh8 41.
Rxa5 Rg8 42. Ra8 Rxa8 43. Nxa8 Bd1 44. a5 Bxc2 45. Nb6 Bd3 46. Kg3 Kg7 47. b3
Ba6 48. f4 exf4+ 49. Kxf4 Bd3 50. Kg5 Be2 51. h4 Rh6 52. Bc8 Rh5+ 53. Kf4 Rxh4+
54. Ke3 Bb5 55. a6 Bxa6 56. Bxa6 Rh3+ 57. Kf4 Rxb3 58. Nc4 Kf8 59. e5 dxe5+ 60.
Kxe5 Rd3 61. Kd6 Kg7 62. Kxc5 Kf6 63. d6 Rxd6 64. Kxd6 Kf7 65. Ke5 Ke7 66. Bb5
Kf7 67. Bc6 Ke7 68. Bd5 Kf8 69. Kf6 Ke8 70. Bc6+ Kf8 71. Ne5 Kg8 72. Nf7 Kh7 73.
Be4+ Kg8 74. Bd3 Kf8 75. Bh7 Ke8 76. Ne5 Kd8 77. Ke6 Kc7 78. Nd7 Kc6 79. Bd3 Kc7
80. Be4 Kc8 81. Kd6 Kd8 82. Bg6 Kc8 83. Nc5 Kb8 84. Kc6 Ka7 85. Kc7 Ka8 86. Kb6
Kb8 87. Bf5 Ka8 88. Bg4 Kb8 89. Na6+ Ka8 90. Bf3# 1-0

[Event "Olimpiade 2014 - Open"]
[Site "Tromsø"]
[Date "12.08.2014"]
[Round "10.54"]
[Board "2"]
[White "Li Ying, Patrick"]
[Black "Lorne, Malaku"]
[Result "1-0"]
[WhiteTitle "CM"]
[WhiteElo "2125"]
[BlackElo "2056"]
[WhiteTeam "Mauritius"]
[BlackTeam "Jamaica"]
[WhiteFideId "9700056"]
[BlackFideId "7400330"]
[EventDate "2014.08.02"]

1. d4 Nf6 2. Bf4 c5 3. e3 Qb6 4. Nc3 a6 5. a3 cxd4 6. exd4 d5 7. Nf3 Nc6 8. Na4
Qd8 9. h3 g6 10. Bd3 Bg7 11. c3 O-O 12. O-O b6 13. Re1 Bb7 14. Qb3 b5 15. Nc5
Na5 16. Qc2 Bc6 17. Ne5 Be8 18. a4 bxa4 19. Nxa4 Bb5 20. Nc5 e6 21. Qe2 Qb6 22.
b4 Nc4 23. Nxc4 dxc4 24. Bxc4 Nd5 25. Bd2 Rfd8 26. Nxa6 Rxa6 27. Bxb5 Rxa1 28.
Rxa1 Qc7 29. Qc4 Qxc4 30. Bxc4 Nxc3 31. Bxc3 Rc8 32. Bd2 Bxd4 33. Rc1 Kf8 34.
Bh6+ Ke7 35. Ba6 Rb8 36. b5 Kd6 37. Rd1 Kc5 38. Bg5 f5 39. Rc1+ Kd5 40. Rc7 h5
41. Bf4 e5 42. Bd2 Bc5 43. Rc6 Bd6 44. Rc8 Rxc8 45. Bxc8 Kc5 46. Bd7 f4 47. f3
g5 48. Kf1 Kd4 49. Be1 Bb8 50. Bc6 Kd3 51. Ba5 g4 52. Bd8 g3 53. b6 1-0

[Event "Olimpiade 2014 - Open"]
[Site "Tromsø"]
[Date "12.08.2014"]
[Round "10.54"]
[Board "3"]
[White "Wisdom, Daren"]
[Black "Goorsahye, Antoine"]
[Result "1-0"]
[WhiteElo "2024"]
[BlackElo "1760"]
[WhiteTeam "Jamaica"]
[BlackTeam "Mauritius"]
[WhiteFideId "7400438"]
[BlackFideId "9700110"]
[EventDate "2014.08.02"]

1. e4 e5 2. Nf3 Nc6 3. Bc4 Be7 4. d4 exd4 5. c3 d5 6. exd5 Na5 7. Qa4+ c6 8.
dxc6 bxc6 9. Nxd4 Bd7 10. Nb3 Nxc4 11. Qxc4 Nf6 12. O-O O-O 13. Bg5 Qc7 14. N1d2
Be6 15. Qh4 c5 16. Ne4 Nxe4 17. Bxe7 Rfe8 18. Qxe4 Qxe7 19. Rae1 Rab8 20. Re2
Qc7 21. Rfe1 h6 22. Qa4 Red8 23. Qa5 Qxa5 24. Nxa5 Rd6 25. b3 Kf8 26. a3 g6 27.
b4 cxb4 28. axb4 Rd3 29. Re3 Rd6 30. h3 a6 31. Kh2 Kg7 32. g4 Rb5 33. f4 Rd2+
34. Kg3 Bd5 35. R1e2 Rd1 36. c4 Rg1+ 37. Kf2 Rg2+ 38. Kf1 Rxe2 39. Kxe2 Bxc4+
40. Nxc4 Rxb4 41. Rc3 Kf6 42. Kd3 h5 43. Ra3 hxg4 44. hxg4 Rb1 45. Rxa6+ Ke7 46.
g5 Rf1 47. Ke4 Re1+ 48. Ne3 Rb1 49. Nd5+ Kd7 50. Ra7+ Ke6 51. Re7+ Kd6 52. Rxf7
Re1+ 53. Ne3 Ra1 54. Rf6+ Ke7 55. Nd5+ Kd7 56. Rxg6 Ra4+ 57. Ke5 Ra5 58. Rd6+
Kc8 59. g6 1-0

[Event "Olimpiade 2014 - Open"]
[Site "Tromsø"]
[Date "12.08.2014"]
[Round "10.54"]
[Board "4"]
[White "Koster, Jeroen Louis"]
[Black "Wilson, Brandon"]
[Result "1-0"]
[WhiteElo "1846"]
[BlackElo "2090"]
[WhiteTeam "Mauritius"]
[BlackTeam "Jamaica"]
[WhiteFideId "9700161"]
[BlackFideId "7400500"]
[EventDate "2014.08.02"]

1. e4 c5 2. Nf3 g6 3. d4 cxd4 4. Nxd4 Bg7 5. Nb3 Nc6 6. Be2 Nf6 7. Nc3 O-O 8.
O-O d6 9. Re1 Be6 10. Bf1 Rc8 11. h3 Re8 12. Be3 a6 13. Qd2 Nb4 14. f4 Nxe4 15.
Nxe4 Nxc2 16. Nd4 Bxd4 17. Bxd4 Nxe1 18. Qxe1 Bd5 19. f5 Bxe4 20. Qxe4 Qd7 21.
g4 e5 22. fxe6 fxe6 23. Bg2 e5 24. Bc3 Qc6 25. Rd1 Red8 26. Qd5+ Kg7 27. Qe6 Qc7
28. Rxd6 Qc5+ 29. Kh2 Rxd6 30. Bxe5+ Kh6 31. Qxd6 Qxd6 32. Bxd6 Rd8 33. Be5 Re8
34. Bc3 b5 35. h4 Rd8 36. g5+ 1-0

[Event "Olimpiade 2014 - Open"]
[Site "Tromsø"]
[Date "12.08.2014"]
[Round "10.55"]
[Board "1"]
[White "Nadir, Samir"]
[Black "Kulpruethanon, Thanadon"]
[Result "0-1"]
[WhiteTitle "CM"]
[WhiteElo "2141"]
[BlackElo "2143"]
[WhiteTeam "Sudan"]
[BlackTeam "Thailand"]
[WhiteFideId "12200085"]
[BlackFideId "6201610"]
[EventDate "2014.08.02"]

1. d4 c5 2. Nf3 cxd4 3. Nxd4 Nf6 4. c4 g6 5. Nc3 Bg7 6. e4 d6 7. Be2 O-O 8. O-O
Nc6 9. Nc2 Be6 10. Bg5 Re8 11. Qd2 Rc8 12. b3 Qa5 13. Rac1 Nd7 14. Na4 Qxd2 15.
Bxd2 Nc5 16. Nxc5 dxc5 17. Be3 b6 18. f4 Bb2 19. Rcd1 Rcd8 20. Kf2 Bc8 21. g4 e5
22. f5 f6 23. h4 Bd4 24. Kg3 Bxe3 25. Nxe3 Nd4 26. Bd3 gxf5 27. exf5 e4 28. Bb1
Bb7 29. Rf2 h6 30. Kf4 Kf7 31. Rg2 Re7 32. g5 hxg5+ 33. hxg5 fxg5+ 34. Kxg5 Rg8+
35. Kf4 Rxg2 36. Nxg2 e3 37. Nxe3 Ne2+ 38. Kg5 Rxe3 39. Rd7+ Re7 40. Rd6 Be4 41.
Rf6+ Ke8 42. Bxe4 Rxe4 43. Rh6 Nd4 44. Rh8+ Kd7 45. Rh7+ Re7 46. Rh1 Re2 47.
Rh7+ Kd6 48. Rxa7 Rg2+ 49. Kf4 Rf2+ 50. Ke4 Rxf5 51. b4 Re5+ 52. Kd3 Nc6 53.
bxc5+ Kxc5 54. Rc7 Rh5 55. Kc2 Rh2+ 56. Kb3 Kd6 57. Rg7 Na5+ 58. Kc3 Rxa2 59.
Rg6+ Kc5 60. Rg5+ Kc6 61. Rg6+ Kb7 62. Rg7+ Ka6 63. Rg5 Ra4 64. Rg4 Rxc4+ 65.
Rxc4 Nxc4 66. Kxc4 Ka5 67. Kc3 Ka4 68. Kc4 b5+ 69. Kc3 Ka3 70. Kc2 b4 0-1

[Event "Olimpiade 2014 - Open"]
[Site "Tromsø"]
[Date "12.08.2014"]
[Round "10.55"]
[Board "2"]
[White "Kongsee, Uaychai"]
[Black "Yaaqoub, Rashid"]
[Result "0-1"]
[BlackTitle "FM"]
[WhiteElo "2251"]
[BlackElo "2164"]
[WhiteTeam "Thailand"]
[BlackTeam "Sudan"]
[WhiteFideId "6200346"]
[BlackFideId "12200336"]
[EventDate "2014.08.02"]

1. e4 Nc6 2. Nf3 f5 3. e5 d6 4. exd6 cxd6 5. d4 e5 6. d5 Nb8 7. c4 Nf6 8. Nc3
Be7 9. Be2 O-O 10. O-O Nbd7 11. Ng5 Nc5 12. b4 Nce4 13. Ngxe4 Nxe4 14. Nxe4 fxe4
15. Be3 Bg5 16. Qd2 Bf4 17. g3 Qg5 18. Kh1 Bh3 19. Rg1 Bxe3 20. Qxe3 Qxe3 21.
fxe3 Rf2 22. Bf1 Bg4 23. Bg2 Bf3 24. Bxf3 Rxf3 25. Rge1 a5 26. bxa5 Rxa5 27. a4
Rf2 28. Reb1 Rc5 29. Rxb7 Rxc4 30. Kg1 Rcc2 31. Rb8+ Kf7 32. Rf1 Rxf1+ 33. Kxf1
Rxh2 34. Rb7+ Ke8 35. Rxg7 Ra2 36. Ra7 h5 37. a5 Kd8 38. a6 Ra1+ 39. Kg2 Ra2+
40. Kh3 Kc8 41. Ra8+ Kc7 42. a7 Kb6 43. Rb8+ Kxa7 44. Rb4 Rd2 45. Kh4 Rxd5 46.
Kxh5 Rd3 47. Rxe4 Kb6 48. g4 Kc5 49. g5 Kd5 50. g6 Kxe4 51. g7 Rd1 0-1

[Event "Olimpiade 2014 - Open"]
[Site "Tromsø"]
[Date "12.08.2014"]
[Round "10.55"]
[Board "3"]
[White "Ahmed, Abuzied"]
[Black "Pornariyasombat, Atippat"]
[Result "0-1"]
[WhiteElo "2154"]
[BlackElo "2169"]
[WhiteTeam "Sudan"]
[BlackTeam "Thailand"]
[WhiteFideId "12200590"]
[BlackFideId "6200516"]
[EventDate "2014.08.02"]

1. e4 c5 2. Nf3 Nc6 3. d4 cxd4 4. Nxd4 e5 5. Nb5 a6 6. Nd6+ Bxd6 7. Qxd6 Qf6 8.
Qd1 Qg6 9. Nc3 d5 10. Nxd5 Qxe4+ 11. Ne3 Nge7 12. Bd3 Qh4 13. g3 Qh3 14. Bf1 Qe6
15. Bg2 O-O 16. c3 Kh8 17. O-O Qg6 18. Qe2 Be6 19. Nc4 f6 20. Rd1 Rad8 21. Nd6
Rd7 22. b3 h5 23. Ba3 Bg4 24. f3 Be6 25. Ne4 f5 26. Rxd7 Bxd7 27. Bxe7 Nxe7 28.
Nc5 Bc6 29. Qxe5 Nd5 30. Nd3 f4 31. Qe4 Qg5 32. Ne5 fxg3 33. Ng6+ Kg8 34. h4 Qd2
35. Nxf8 Ne3 36. Qe6+ Kxf8 37. Qc8+ Be8 38. Qh3 Qf2+ 39. Kh1 Bd7 40. Rf1 Bxh3
41. Rxf2 gxf2 42. Bxh3 f1=Q+ 43. Bxf1 Nxf1 44. Kg1 Ne3 45. c4 Ke7 46. Kf2 Nf5 0-1

[Event "Olimpiade 2014 - Open"]
[Site "Tromsø"]
[Date "12.08.2014"]
[Round "10.55"]
[Board "4"]
[White "Wiwatanadate, Poompong"]
[Black "Abdel Wahab, Elkhatem"]
[Result "1-0"]
[WhiteElo "2106"]
[BlackElo "2093"]
[WhiteTeam "Thailand"]
[BlackTeam "Sudan"]
[WhiteFideId "6201083"]
[BlackFideId "12200239"]
[EventDate "2014.08.02"]

1. d4 Nf6 2. c4 e6 3. Nc3 Bb4 4. e3 O-O 5. Bd3 d5 6. a3 Bxc3+ 7. bxc3 b6 8. Nf3
Bb7 9. O-O Nbd7 10. Bb2 Re8 11. Rc1 e5 12. Nd2 Nf8 13. cxd5 exd4 14. e4 c6 15.
c4 c5 16. f4 Ba6 17. Qf3 Qc8 18. h3 Rd8 19. e5 Ne8 20. a4 Bb7 21. f5 f6 22. e6
Qc7 23. Ne4 a6 24. Ba3 Nd6 25. Rfe1 Qe7 26. Nxd6 Rxd6 27. Rb1 Rc8 28. Qf2 g6 29.
Bc1 gxf5 30. Qg3+ Ng6 31. Bf4 Rcd8 32. Bxf5 Kg7 33. Bxg6 hxg6 34. Bxd6 Rxd6 35.
Qxd6 Qxd6 36. e7 1-0

[Event "Olimpiade 2014 - Open"]
[Site "Tromsø"]
[Date "12.08.2014"]
[Round "10.56"]
[Board "1"]
[White "Khairallah, Faisal"]
[Black "Mesfin, Leykun"]
[Result "1-0"]
[WhiteTitle "FM"]
[WhiteElo "2307"]
[BlackElo "2131"]
[WhiteTeam "Lebanon"]
[BlackTeam "Ethiopia"]
[WhiteFideId "4628250"]
[BlackFideId "15700097"]
[EventDate "2014.08.02"]

1. c4 Nf6 2. g3 g6 3. Bg2 Bg7 4. Nc3 c5 5. Nf3 Nc6 6. d4 cxd4 7. Nxd4 O-O 8. O-O
Qb6 9. Nc2 d6 10. b3 Qa5 11. Qd2 Ng4 12. Bb2 Qh5 13. h3 Nf6 14. g4 Bxg4 15. hxg4
Nxg4 16. Rfb1 Qh2+ 17. Kf1 Bh6 18. Qd3 Nce5 19. Qg3 Qh5 20. Nd5 Bg5 21. f4 Bh4
22. Qc3 e6 23. Nde3 f6 24. Nxg4 Nxg4 25. Ne3 Bg3 26. Nxg4 Qxg4 27. Qf3 Qh4 28.
e3 g5 29. f5 Be5 30. fxe6 h5 31. Qe4 Qxe4 32. Bxe4 Kg7 33. Bxb7 Rab8 34. Bc6
Rfc8 35. Bd7 Rc7 36. Bxe5 dxe5 37. Rd1 Kf8 38. Ba4 f5 39. Rd5 Ke7 40. Rxe5 Kf6
41. Rd5 Kxe6 42. Rad1 Rh8 43. Bd7+ Ke7 44. Re5+ Kf6 45. Rxf5+ Ke7 46. Rxg5 Rh7
47. Bf5 Rf7 48. Rxh5 1-0

[Event "Olimpiade 2014 - Open"]
[Site "Tromsø"]
[Date "12.08.2014"]
[Round "10.56"]
[Board "2"]
[White "Tadese, Estube Haileselassie"]
[Black "El Jawich, Amro"]
[Result "1/2-1/2"]
[BlackTitle "FM"]
[WhiteElo "1952"]
[BlackElo "2186"]
[WhiteTeam "Ethiopia"]
[BlackTeam "Lebanon"]
[WhiteFideId "15700330"]
[BlackFideId "5300380"]
[EventDate "2014.08.02"]

1. d4 Nf6 2. c4 g6 3. Nc3 Bg7 4. e4 d6 5. Be2 O-O 6. Nf3 e5 7. O-O Nc6 8. d5 Ne7
9. b4 c6 10. Qc2 a5 11. bxa5 c5 12. Nd2 Rxa5 13. Nb3 Ra6 14. a4 Nd7 15. Bd2 f5
16. f3 f4 17. Nb5 Rf6 18. Bc3 g5 19. g4 fxg3 20. hxg3 Rg6 21. Rf2 Nf6 22. Rg2
Qd7 23. Bd3 Qh3 24. Qf2 Ne8 25. g4 Rh6 26. Rh2 Qxh2+ 27. Qxh2 Rxh2 28. Kxh2 Ng6
29. Bc2 Kf7 30. Nc1 Bf6 31. Nd3 Bd8 32. Bd2 h6 33. Kg3 Ba5 34. Be3 Ra8 35. Rh1
Kg7 36. Kf2 Bd7 37. Rb1 Bxb5 38. Rxb5 b6 39. Nc1 Nc7 40. Rb1 Na6 41. Ne2 Nb4 42.
Rb2 Nf4 43. Bxf4 exf4 44. Bb1 Kf6 45. Nc3 Ke5 46. Nb5 h5 47. gxh5 Rh8 48. Kg1
Na6 49. Rg2 Rxh5 50. Rh2 Rh4 51. Rxh4 gxh4 52. Kg2 Be1 53. Na7 Kd4 54. Nc8 Kxc4
55. Nxd6+ Kd4 56. Nf7 c4 57. d6 Nc5 58. e5 c3 59. Bf5 Bg3 60. e6 h3+ 61. Kxh3
Nxe6 62. Bxe6 c2 63. d7 c1=Q 64. d8=Q+ Ke3 65. Qxb6+ Ke2 66. Bc4+ Qxc4 67. Qb5
Qxb5 68. axb5 Kxf3 69. b6 Bf2 70. b7 Ba7 71. Ne5+ Ke3 72. Nc6 f3 73. Nxa7 f2 74.
b8=Q f1=Q+ 75. Kg4 Qf3+ 76. Kg5 Qd5+ 77. Kf6 Qd4+ 78. Ke6 Qg4+ 79. Kd5 Qe4+ 80.
Kc5 Qd4+ 81. Kc6 Qe4+ 82. Kb6 Qe6+ 83. Ka5 Qa2+ 1/2-1/2